[Event "World Amateur-ch U1700"]
[Site "Cagliari"]
[Date "2018.04.29"]
[Round "9"]
[White "Iovannone, Cristiano"]
[Black "Deroma, Vittorio"]
[Result "0-1"]
[WhiteElo "1578"]
[BlackElo "1388"]
[PlyCount "112"]
[EventDate "2018.04.22"]
[EventType "swiss"]
[EventRounds "9"]
[EventCountry "ITA"]
[SourceTitle "CBM 184 Extra"]
[Source "ChessBase"]
[SourceDate "2018.06.28"]
[SourceVersion "1"]
[SourceVersionDate "2018.06.28"]
[SourceQuality "1"]

1. c4 Nf6 2. Nc3 d6 3. g3 g6 4. Bg2 Bg7 5. Nf3 0-0 6. 0-0 c5 7. Rb1 Nc6 8. a3 b6 9. b4 a6 10. d3 Qd7 11. b5 axb5 12. cxb5 Na5 13. Ne5 Qa7 14. Bxa8 Qxa8 15. Nc4 Bh3 16. f3 Nxc4 17. dxc4 Bxf1 18. Kxf1 Rd8 19. e4 e6 20. Qa4 Qxa4 21. Nxa4 Nd7 22. Bb2 Ra8 23. Bxg7 Kxg7 24. Nb2 Rxa3 25. Ke2 g5 26. f4 gxf4 27. gxf4 Rh3 28. Rg1+ Kf6 29. Rg2 Ke7 30. Nd1 Kf8 31. Ne3 Rh6 32. f5 exf5 33. Nxf5 Re6 34. Kd3 Ne5+ 35. Kc3 Nd7 36. Rd2 Nf6 37. Ng3 Nxe4+ 38. Nxe4 Rxe4 39. Rxd6 Re6 40. Rd3 Ke7 41. h3 f5 42. Rf3 Kf6 43. Rd3 f4 44. Kd2 Kg5 45. Rd5+ Kh4 46. Rf5 Kg3 47. h4 f3 48. h5 h6 49. Rf7 Kg2 50. Rg7+ Kf1 51. Rg6 Re2+ 52. Kd3 Rh2 53. Rxh6 f2 54. Kd2 Kg1 55. Rg6+ Rg2 56. Rf6 f1Q+ 0-1

[Event "World Amateur-ch U1700"]
[Site "Cagliari"]
[Date "2018.04.25"]
[Round "5"]
[White "Deroma, Vittorio"]
[Black "Putzolu, Marcello"]
[Result "0-1"]
[WhiteElo "1388"]
[BlackElo "1594"]
[PlyCount "78"]
[EventDate "2018.04.22"]
[EventType "swiss"]
[EventRounds "9"]
[EventCountry "ITA"]
[SourceTitle "CBM 184 Extra"]
[Source "ChessBase"]
[SourceDate "2018.06.28"]
[SourceVersion "1"]
[SourceVersionDate "2018.06.28"]
[SourceQuality "1"]

1. e4 e5 2. Nf3 Nc6 3. Bc4 Be7 4. 0-0 Nf6 5. Re1 0-0 6. c3 d6 7. h3 h6 8. d4 exd4 9. cxd4 Re8 10. Bf4 Bf8 11. Nc3 Bd7 12. a3 a6 13. b4 Rb8 14. Qd2 Nh7 15. Qa2 Qf6 16. Nd5 Qg6 17. Bg3 Rbc8 18. e5 Ng5 19. Nf4 Nxf3+ 20. gxf3 Qf5 21. Bd3 Qg5 22. Bg6 Be6 23. d5 fxg6 24. Nxe6 Qe7 25. exd6 cxd6 26. dxc6 Kh7 27. cxb7 Qxb7 28. Nd4 Qd7 29. Rxe8 Rxe8 30. Qd2 Qxh3 31. Nc6 h5 32. Qd4 g5 33. Qd3+ g6 34. Nd4 h4 35. Bh2 g4 36. Bf4 Bg7 37. Rd1 Bxd4 38. Qxd4 gxf3 39. Bh2 Qg2# 0-1